[Event "Stuttgart-chA int"]
[Site "Ditzingen"]
[Date "2014.05.30"]
[Round "5"]
[White "Schmidt, Markus"]
[Black "Schumann, Kai"]
[Result "1/2-1/2"]
[WhiteElo "1904"]
[BlackElo "2044"]
[PlyCount "90"]
[EventDate "2014.05.29"]
[EventType "swiss"]
[EventRounds "7"]
[EventCountry "GER"]
[SourceTitle "EXT 2015"]
[Source "ChessBase"]
[SourceDate "2014.11.20"]
[SourceVersion "1"]
[SourceVersionDate "2014.11.20"]
[SourceQuality "1"]

1. d4 Nf6 2. c4 e6 3. Nc3 Bb4 4. Qc2 d5 5. a3 Bxc3+ 6. bxc3 dxc4 7. Bg5 h6 8. Bh4 c6 9. f4 Nbd7 10. Nf3 Qc7 11. Ne5 b5 12. e3 Bb7 13. Be2 c5 14. 0-0 Be4 15. Qd2 Nd5 16. a4 b4 17. Nxd7 Qxd7 18. Bxc4 Nxc3 19. Qb2 a5 20. dxc5 0-0 21. Bb3 Rfc8 22. Rfd1 Qa7 23. Rd4 Qxc5 24. Qf2 Bd5 25. Bxd5 exd5 26. f5 b3 27. f6 Ne4 28. Qf5 b2 29. Rf1 g5 30. Bg3 Nxg3 31. hxg3 Rab8 32. Rxd5 Qxe3+ 33. Kh2 Qe6 34. Qd3 Rc1 35. Rb5 Rxb5 36. axb5 Rxf1 37. Qxf1 Qb3 38. Qf5 b1R 39. Qc8+ Kh7 40. Qf8 Rh1+ 41. Kxh1 Qd1+ 42. Kh2 Qh5+ 43. Kg1 Qd1+ 44. Kh2 Qh5+ 45. Kg1 Qd1+ 1/2-1/2

[Event "Stuttgart-chA int"]
[Site "Ditzingen"]
[Date "2014.05.29"]
[Round "2"]
[White "Gibicar, Marc"]
[Black "Schumann, Kai"]
[Result "1-0"]
[WhiteElo "1917"]
[BlackElo "2044"]
[PlyCount "73"]
[EventDate "2014.05.29"]
[EventType "swiss"]
[EventRounds "7"]
[EventCountry "GER"]
[SourceTitle "EXT 2015"]
[Source "ChessBase"]
[SourceDate "2014.11.20"]
[SourceVersion "1"]
[SourceVersionDate "2014.11.20"]
[SourceQuality "1"]

1. d4 Nf6 2. Nf3 d5 3. g3 Bf5 4. Bg2 e6 5. 0-0 Be7 6. c4 0-0 7. Nc3 c6 8. b3 Nbd7 9. Bb2 Ne4 10. Nd2 Nxd2 11. Qxd2 dxc4 12. e4 Bg6 13. bxc4 e5 14. d5 Bb4 15. Qe2 Qa5 16. Nd1 Rfe8 17. h4 h6 18. h5 Bh7 19. Ne3 Nf6 20. Ng4 Nxg4 21. Qxg4 Ba3 22. Rab1 Re7 23. Rfd1 Bxb2 24. Rxb2 Qc3 25. Rdb1 Qxc4 26. d6 f5 27. Qd1 Rd7 28. Rxb7 Rad8 29. Rxd7 Rxd7 30. exf5 Bxf5 31. Rc1 Qd4 32. Qb3+ Kh7 33. Rd1 Qc5 34. Qb8 Qc2 35. Re1 Qc5 36. Qf8 Be6 37. Be4+ 1-0

[Event "Stuttgart-chA int"]
[Site "Ditzingen"]
[Date "2014.05.29"]
[Round "1"]
[White "Schumann, Kai"]
[Black "Dobosz, Henryk"]
[Result "0-1"]
[WhiteElo "2044"]
[BlackElo "2401"]
[PlyCount "45"]
[EventDate "2014.05.29"]
[EventType "swiss"]
[EventRounds "7"]
[EventCountry "GER"]
[SourceTitle "EXT 2015"]
[Source "ChessBase"]
[SourceDate "2014.11.20"]
[SourceVersion "1"]
[SourceVersionDate "2014.11.20"]
[SourceQuality "1"]

1. d4 d6 2. c4 Nf6 3. Nc3 Nbd7 4. e4 e5 5. Nf3 Be7 6. Be2 0-0 7. 0-0 c6 8. b4 a5 9. b5 Re8 10. bxc6 bxc6 11. d5 Nc5 12. Qc2 cxd5 13. cxd5 Bd7 14. Be3 Rc8 15. Bxc5 Rxc5 16. Qb2 Qb8 17. Qd2 Qc7 18. Rac1 Rc8 19. Bb5 Nxe4 20. Nxe4 Rxc1 21. Bxd7 Rxf1+ 22. Kxf1 Qxd7 23. Qxa5 0-1

[Event "Ditzingen op-B"]
[Site "Ditzingen"]
[Date "2006.05.28"]
[Round "7.2"]
[White "Schumann, Kai"]
[Black "Bathray, Johannes"]
[Result "0-1"]
[WhiteElo "1885"]
[BlackElo "1881"]
[PlyCount "100"]
[EventDate "2006.05.25"]
[EventType "swiss"]
[EventRounds "7"]
[EventCountry "GER"]
[SourceTitle "CBM 112 Extra"]
[Source "ChessBase"]
[SourceDate "2006.07.14"]
[SourceVersion "1"]
[SourceVersionDate "2006.07.14"]
[SourceQuality "1"]

1. d4 Nf6 2. Nf3 c5 3. d5 e6 4. Nc3 d6 5. e4 e5 6. Bb5+ Nbd7 7. a4 a6 8. Bd3 b6 9. 0-0 Be7 10. Nd2 Nf8 11. Nc4 Ng6 12. f4 exf4 13. Bxf4 Nxf4 14. Rxf4 0-0 15. e5 dxe5 16. Rf1 Bd6 17. Rxf6 gxf6 18. Qh5 f5 19. Bxf5 Bxf5 20. Qxf5 Bb8 21. Ne4 f6 22. Qe6+ Kh8 23. Rf1 f5 24. Ned6 Bxd6 25. Nxd6 Qf6 26. Rxf5 Qxe6 27. Rxf8+ Qg8 28. Nf7+ Kg7 29. Rxg8+ Kxg8 30. Nxe5 b5 31. b3 c4 32. axb5 cxb3 33. cxb3 axb5 34. Nc6 Kf8 35. Nd4 Rb8 36. Kf2 Ke8 37. Ke3 Kd7 38. Nc6 Re8+ 39. Kd4 Re2 40. Ne5+ Ke8 41. g4 Rxh2 42. Kc5 Re2 43. Kd6 Re3 44. b4 Re4 45. g5 Rxb4 46. g6 hxg6 47. Nxg6 Rb1 48. Kc5 b4 49. Nf4 Rd1 50. Ne2 b3 0-1

[Event "Ditzingen op-B"]
[Site "Ditzingen"]
[Date "2006.05.27"]
[Round "6.1"]
[White "Reinhardt, Klaus"]
[Black "Schumann, Kai"]
[Result "1-0"]
[WhiteElo "1891"]
[BlackElo "1885"]
[PlyCount "37"]
[EventDate "2006.05.25"]
[EventType "swiss"]
[EventRounds "7"]
[EventCountry "GER"]
[SourceTitle "CBM 112 Extra"]
[Source "ChessBase"]
[SourceDate "2006.07.14"]
[SourceVersion "1"]
[SourceVersionDate "2006.07.14"]
[SourceQuality "1"]

1. c4 c5 2. Nc3 Nc6 3. Nf3 g6 4. g3 Bg7 5. Bg2 Nf6 6. 0-0 0-0 7. d4 cxd4 8. Nxd4 Nxd4 9. Qxd4 d6 10. Qd3 Rb8 11. e4 Bd7 12. Bf4 a6 13. Rfd1 Qc7 14. Rac1 Rfc8 15. c5 Nh5 16. cxd6 Qa5 17. dxe7 Nxf4 18. Qxd7 Ne6 19. Bh3 1-0

[Event "Stuttgart-chB int"]
[Site "Ditzingen"]
[Date "2006.05.26"]
[Round "3"]
[White "Schumann, Kai"]
[Black "Knolmayer, Volker"]
[Result "1-0"]
[WhiteElo "1885"]
[BlackElo "1686"]
[PlyCount "43"]
[EventDate "2006.05.25"]
[EventType "swiss"]
[EventRounds "7"]
[EventCountry "GER"]
[SourceTitle "EXT 2018"]
[Source "ChessBase"]
[SourceDate "2017.10.13"]
[SourceVersion "1"]
[SourceVersionDate "2017.10.13"]
[SourceQuality "1"]

1. d4 d5 2. Nf3 Nf6 3. c4 dxc4 4. e3 e6 5. Bxc4 c5 6. Nc3 Be7 7. 0-0 0-0 8. a3 a6 9. a4 b6 10. d5 exd5 11. Nxd5 Bb7 12. Nxe7+ Qxe7 13. b3 Nc6 14. Bb2 Rad8 15. Qc2 Nb4 16. Qf5 Bd5 17. Ng5 Qd7 18. Qb1 Qg4 19. Bxd5 Rxd5 20. Bxf6 Rxg5 21. Bxg5 Qxg5 22. Rd1 1-0

[Event "Ditzingen op-B"]
[Site "Ditzingen"]
[Date "2006.05.25"]
[Round "2.3"]
[White "Mijatovic, Andrea"]
[Black "Schumann, Kai"]
[Result "0-1"]
[WhiteElo "1640"]
[BlackElo "1885"]
[PlyCount "101"]
[EventDate "2006.05.25"]
[EventType "swiss"]
[EventRounds "7"]
[EventCountry "GER"]
[SourceTitle "CBM 112 Extra"]
[Source "ChessBase"]
[SourceDate "2006.07.14"]
[SourceVersion "1"]
[SourceVersionDate "2006.07.14"]
[SourceQuality "1"]

1. e4 d5 2. exd5 Qxd5 3. Nc3 Qd6 4. d4 Nf6 5. Bd3 a6 6. Nge2 e6 7. Bf4 Qd8 8. 0-0 Bd6 9. Re1 0-0 10. Bxd6 cxd6 11. Nf4 Nbd7 12. h4 Re8 13. g4 e5 14. dxe5 dxe5 15. Ng2 Nc5 16. g5 Nxd3 17. cxd3 Nd5 18. Nxd5 Qxd5 19. Ne3 Qd4 20. Ng2 Bf5 21. Qb3 b5 22. Re3 Rac8 23. Rae1 Rc5 24. Kf1 Rd8 25. Rd1 a5 26. Rd2 a4 27. Qd1 Bg4 28. Qe1 Rdc8 29. Re4 Qd7 30. Qe3 Rc1+ 31. Ne1 Qc6 32. Rxg4 Qh1+ 33. Rg1 Qxh4 34. Qxe5 g6 35. Qg3 Qb4 36. Re2 Rb1 37. Kg2 Rxb2 38. Rxb2 Qxb2 39. Rh1 Qxa2 40. Qh4 Qd5+ 41. Kg1 Kf8 42. Qb4+ Kg8 43. Qe7 Qc5 44. Qf6 Qc3 45. Qe7 a3 46. Nf3 a2 47. Kg2 a1Q 48. Rxa1 Qxa1 49. Ne5 Qa8+ 50. Kh2 Qd5 51. Nd7 0-1

[Event "Stuttgart-chB"]
[Site "Stuttgart"]
[Date "2003.??.??"]
[Round "?"]
[White "Siegmann, Harald"]
[Black "Schumann, Kai"]
[Result "0-1"]
[WhiteElo "1690"]
[BlackElo "1880"]
[PlyCount "118"]
[EventDate "2003.??.??"]
[EventType "swiss"]
[EventRounds "9"]
[EventCountry "GER"]
[SourceTitle "EXT 2007"]
[Source "ChessBase"]
[SourceDate "2006.11.23"]
[SourceVersion "1"]
[SourceVersionDate "2006.11.23"]
[SourceQuality "1"]

1. e4 e6 2. d4 d5 3. e5 c5 4. c3 Nc6 5. Nf3 Bd7 6. Be2 Nge7 7. g4 Ng6 8. h4 Be7 9. h5 Nh4 10. Nxh4 Bxh4 11. Nd2 cxd4 12. Nf3 Be7 13. cxd4 f6 14. 0-0 fxe5 15. dxe5 0-0 16. Be3 Qc7 17. Rc1 Rac8 18. g5 Qb8 19. g6 Nxe5 20. gxh7+ Kh8 21. Nxe5 Qxe5 22. Rxc8 Bxc8 23. Qd2 Bd7 24. f4 Qf5 25. Rf2 Bc6 26. Qd3 a6 27. Qxf5 exf5 28. Bd3 Kxh7 29. Rc2 a5 30. Ba6 Bd6 31. Bc5 Bxc5+ 32. Rxc5 Re8 33. Bd3 a4 34. Bxf5+ Kh6 35. Rc2 Rf8 36. Bg6 Rxf4 37. Rf2 Rxf2 38. Kxf2 d4 39. Ke2 Bb5+ 40. Kd2 b6 41. Bf7 Kg5 42. Bg6 a3 43. bxa3 Bc4 44. Be8 Kf6 45. Bg6 Bf7 46. Bxf7 Kxf7 47. Kd3 Kf6 48. Kxd4 Kg5 49. Kd5 Kxh5 50. Kc6 g5 51. Kxb6 g4 52. a4 g3 53. a5 g2 54. a6 g1Q+ 55. Kb7 Qb1+ 56. Ka8 Qe4+ 57. Kb8 Qb4+ 58. Ka8 Qb6 59. a7 Qc7 0-1